LEADER 01353nam 2200433 450 001 000005011 005 20070503173100.0 010 $a88-339-1148-9 100 $a--------d1999----km-y0itay0103----ba 101 0 $aita 102 $aIT 200 1 $aStrade$fJames Clifford 200 1 $a1 $n0001624 210 $aTorino$cBollati Boringhieri$d1999 215 $a475 p.$d22 cm. 225 1 $aNuova cultura$v67 606 $aEtnologia 676 $a305.8$v(20. ed.) 700 1$aClifford,$bJames$0143493 801 0$aIT$bUniversità della Basilicata - B.I.A.$gRICA$2unimarc 912 $a000005011 996 $aStrade$973086 997 $aUNIBAS BAS $aMONLET BAS $aMONOGR BAS $aLETTERE CAT $aLOTITO$b01$c20000713$lBAS01$h1340 CAT $aLOTITO$b01$c20000713$lBAS01$h1340 CAT $aLOTITO$b01$c20000713$lBAS01$h1341 CAT $c20000920$lBAS01$h1833 CAT $c20001010$lBAS01$h1636 CAT $c20050601$lBAS01$h1753 CAT $abatch$b01$c20050718$lBAS01$h1048 CAT $c20050718$lBAS01$h1107 CAT $c20050718$lBAS01$h1137 CAT $c20050718$lBAS01$h1152 CAT $aBATCH$b00$c20070503$lBAS01$h1731 FMT Z30 -1$lBAS01$LBAS01$mBOOK$1BASA1$APolo Storico-Umanistico$2DSLA$BCollezione DiSSLA$3DD/4810$9DD/4810$64810$5D4810$820000713$f04$FPrestabile Didattica LEADER 01104nam0 2200277 450 001 000038459 005 20251202113751.0 010 $a978-88-8133-903-10 100 $a20251202d20242024km-y0itay50------ba 101 0 $aita 102 $aIT 105 $ay-------001yy 200 1 $a<>controllo di costituzionalità delle leggi private globali$eDirittwirkung, conformazione del contratto e obbligazione comunicazionale nei social media$fVincenza Conte 210 $aSan Giuliano Milanese$cWolters Kluwer$d2024 215 $a272 p.$d24 cm 225 2 $aPersona e mercato: monografie$h18 300 $a<>controllo di costituzionalità delle leggi private globali 410 0$12001$aPersona e mercato: monografie$h18 610 1 $alibertà di espressione$atutela 676 $a342.0853$v25$9LIBERTA D'INFORMAZIONE E D'OPINIONE 700 1$aConte,$bVincenza$01792292 801 0$aIT$bUNIPARTHENOPE$c20251202$gREICAT$2UNIMARC 912 $a000038459 951 $a342-C/50$b50240$cNAVA1$d2025 996 $aControllo di costituzionalità delle leggi private globali$94459534 997 $aUNIPARTHENOPE